00343nam a2200109Ia 4500008004100000082000800041100002100049245004700070942000600117952009500123999001500218240331s9999 xx 000 0 und d bRAJ aRajanarayanan, K 0aNattupura kathaikal :boru panmugap parvai cL 001040708LaWERCLbWERCLcSSCd2024-03-31l0o 398 RAJp3658r2024-03-31w2024-03-31yL c3663d3663